00813nam a22002172 4500001001100000005001700011008004100028020002800069040001500097050002200112100003500134245010100169250001200270260005000282300003600332500005000368504005100418650003800469650005200507700003600559000000240020151217155202.0070410s xx 000 0 eng d a0324152655 :cGBP 38.00 aKABUcKABU 0aHF5549b.J33 20031 aJackson, Sussan E.@000015175210aManaging human resources through strategic partnerships /cSusan E. Jackson, Randall S. Schuler. a8th ed. aMason, Ohio :bThomson/South-Western,cc2003. axxxiv, 766 p. :bill. ;c26 cm. aRev. ed. of: Managing human resources. c2000. aIncludes bibliographical references and index. 0aPersonnel management.@0000150761 0aPersonnel managementxCase studies.@00001517531 aSchuler, Randall S.@0000137196